000 00789nam a2200229Ia 4500
003 GCL
008 140319s9999 xx 000 0 ara d
040 _aGCL /
_cGCL
082 0 4 _a822.008
_bج ا
100 1 _aدروتن، جو فان
245 1 0 _aانا اتذكر ماما, جنة العبيط (هدية من الاديب عبدالفتاح الجمل) /
_cدروتن، جو فان
700 1 _aشروود، روبرت
700 1 _aصلاح عز الدين (مترجم)
700 1 _aسعدالدين توفيق
700 1 _aمصطفى حبيب
300 _a288 ص
490 _a
650 0 4 _aالادب الانجليزى
650 0 4 _aالمسرحيات الانجليزية
650 0 4 _aالمسرحيات الانجليزية المترجمة
942 _2ddc
_cBK
999 _c38408
_d38408